000 00481nam a2200145Ia 4500
008 151213s9999 xx 000 0 und d
100 _aআবুল হাসান।
245 _aরাজা যায় রাজা আসে ।
_cআবুল হাসান।
260 _aঢাকা
_bখান ব্রাদার্স
_c1972
300 _a8467 p.
650 _aBangla
650 _aBengali Literature
700 _aআবুল হাসান।
999 _c4305
_d4305